000 00589nam a2200205 i 4500
001 bgj
100 1 _aHARTMANN, Horst.
245 1 0 _aFaustgestalt, Faustsage, Faustdichtung /
_cHorst Hartmann.
260 _aBerlin :
_bVolk und Wissen Volkseigener Verlag,
_c1979.
300 _a223, [32] s. :
_bil. ;
_c19 cm.
490 1 _aInterpretationen, Dokumentationen
650 9 _aLiteratura niemiecka
830 _aInterpretationen, Dokumentationen
040 _cBPK
041 0 _ager
044 _aDEU
080 _a821.112.2
942 _cKS
008 s gw f |000 0 ger
999 _c50427
_d50427
856 _uhttp://koha.tu.koszalin.pl/cgi-bin/koha/opac-detail.pl?biblionumber=50427
_yKatalog online BPK